Tree diseases and disorders : (Record no. 32982)
[ view plain ]
| 000 -LEADER | |
|---|---|
| fixed length control field | 01887pam a2200433 a 4500 |
| 001 - CONTROL NUMBER | |
| control field | 3016948 |
| 003 - CONTROL NUMBER IDENTIFIER | |
| control field | OSt |
| 005 - DATE AND TIME OF LATEST TRANSACTION | |
| control field | 20220316110724.0 |
| 008 - FIXED-LENGTH DATA ELEMENTS--GENERAL INFORMATION | |
| fixed length control field | 941129s1995 enka b 001 0 eng |
| 010 ## - LIBRARY OF CONGRESS CONTROL NUMBER | |
| LC control number | 94045537 |
| 020 ## - INTERNATIONAL STANDARD BOOK NUMBER | |
| International Standard Book Number | 0198549326 (hbk.) |
| 020 ## - INTERNATIONAL STANDARD BOOK NUMBER | |
| International Standard Book Number | 0198549318 (pbk.) |
| 040 ## - CATALOGING SOURCE | |
| Original cataloging agency | DLC |
| Transcribing agency | HU |
| Modifying agency | DLC |
| 041 1# - LANGUAGE CODE | |
| Language code of text/sound track or separate title | eng |
| Language code of original | ger |
| 043 ## - GEOGRAPHIC AREA CODE | |
| Geographic area code | e------ |
| 050 00 - LIBRARY OF CONGRESS CALL NUMBER | |
| Classification number | SB764.E85 |
| Item number | B8713 1995 |
| 082 00 - DEWEY DECIMAL CLASSIFICATION NUMBER | |
| Classification number | 634.9/6 |
| Edition number | 20 |
| 100 1# - MAIN ENTRY--PERSONAL NAME | |
| Personal name | Butin, Heinz. |
| 9 (RLIN) | 16982 |
| 240 10 - UNIFORM TITLE | |
| Uniform title | Krankheiten der Wald- und Parkbäume. |
| Language of a work | English |
| 245 10 - TITLE STATEMENT | |
| Title | Tree diseases and disorders : |
| Remainder of title | causes, biology, and control in forest and amenity trees / |
| Statement of responsibility, etc. | Heinz Butin ; edited by David Lonsdale from a translation by Robert Strouts. |
| 260 ## - PUBLICATION, DISTRIBUTION, ETC. | |
| Place of publication, distribution, etc. | Oxford ; |
| -- | New York : |
| Name of publisher, distributor, etc. | Oxford University Press, |
| Date of publication, distribution, etc. | 1995. |
| 300 ## - PHYSICAL DESCRIPTION | |
| Extent | x, 252 p. : |
| Other physical details | ill. ; |
| Dimensions | 25 cm. |
| 500 ## - GENERAL NOTE | |
| General note | Revised translation of the 2nd German edition. |
| 504 ## - BIBLIOGRAPHY, ETC. NOTE | |
| Bibliography, etc. note | Includes bibliographical references (p. [223]-232) and index. |
| 650 #0 - SUBJECT ADDED ENTRY--TOPICAL TERM | |
| Topical term or geographic name entry element | Trees |
| General subdivision | Diseases and pests |
| Geographic subdivision | Europe. |
| 9 (RLIN) | 33219 |
| 650 #0 - SUBJECT ADDED ENTRY--TOPICAL TERM | |
| Topical term or geographic name entry element | Trees |
| General subdivision | Wounds and injuries |
| Geographic subdivision | Europe. |
| 9 (RLIN) | 33220 |
| 650 #0 - SUBJECT ADDED ENTRY--TOPICAL TERM | |
| Topical term or geographic name entry element | Trees |
| General subdivision | Diseases and pests. |
| 9 (RLIN) | 31302 |
| 650 #0 - SUBJECT ADDED ENTRY--TOPICAL TERM | |
| Topical term or geographic name entry element | Trees |
| General subdivision | Wounds and injuries. |
| 9 (RLIN) | 31304 |
| 650 #0 - SUBJECT ADDED ENTRY--TOPICAL TERM | |
| Topical term or geographic name entry element | Ornamental trees |
| General subdivision | Diseases and pests |
| Geographic subdivision | Europe. |
| 9 (RLIN) | 33221 |
| 650 #0 - SUBJECT ADDED ENTRY--TOPICAL TERM | |
| Topical term or geographic name entry element | Ornamental trees |
| General subdivision | Wounds and injuries |
| Geographic subdivision | Europe. |
| 9 (RLIN) | 33222 |
| 650 #0 - SUBJECT ADDED ENTRY--TOPICAL TERM | |
| Topical term or geographic name entry element | Ornamental trees |
| General subdivision | Diseases and pests. |
| 9 (RLIN) | 31420 |
| 650 #0 - SUBJECT ADDED ENTRY--TOPICAL TERM | |
| Topical term or geographic name entry element | Ornamental trees |
| General subdivision | Wounds and injuries. |
| 9 (RLIN) | 33223 |
| 700 1# - ADDED ENTRY--PERSONAL NAME | |
| Personal name | Lonsdale, D. |
| 9 (RLIN) | 33224 |
| 856 42 - ELECTRONIC LOCATION AND ACCESS | |
| Materials specified | Publisher description |
| Uniform Resource Identifier | <a href="http://www.loc.gov/catdir/enhancements/fy0603/94045537-d.html">http://www.loc.gov/catdir/enhancements/fy0603/94045537-d.html</a> |
| 856 41 - ELECTRONIC LOCATION AND ACCESS | |
| Materials specified | Table of contents only |
| Uniform Resource Identifier | <a href="http://www.loc.gov/catdir/enhancements/fy0603/94045537-t.html">http://www.loc.gov/catdir/enhancements/fy0603/94045537-t.html</a> |
| 906 ## - LOCAL DATA ELEMENT F, LDF (RLIN) | |
| a | 7 |
| b | cbc |
| c | orignew |
| d | 1 |
| e | ocip |
| f | 19 |
| g | y-gencatlg |
| 942 ## - ADDED ENTRY ELEMENTS (KOHA) | |
| Source of classification or shelving scheme | Dewey Decimal Classification |
| Koha item type | Books like text book referance book |
| Suppress in OPAC | No |
| Withdrawn status | Lost status | Source of classification or shelving scheme | Damaged status | Not for loan | Collection code | Home library | Current library | Shelving location | Date acquired | Total Checkouts | Full call number | Barcode | Date last seen | Copy number | Price effective from | Koha item type |
|---|---|---|---|---|---|---|---|---|---|---|---|---|---|---|---|---|
| Dewey Decimal Classification | Reference | Wondo Genet Library | Wondo Genet Library | General Stacks | 03/16/2022 | 634.96 BUT 1995 | WGCFNRL00013644 | 03/16/2022 | 1 | 03/16/2022 | Books like text book referance book |